Critical natural habitats in Latin America and the Caribbean (Registro nro. 2172)

Detalles MARC
000 -CABECERA
Campo de control 00997nam a2200325 a 4500
005 - FECHA Y HORA DE LA ULTIMA TRANSACCION
Campo de control 20151117032331.0
008 - ELEMENTOS DE LONGITUD FIJA—INFORMACION GENERAL
Campo de control 140304b1997 wau||||| |||| 00| 0 eng d
040 ## - FUENTE DE CATALOGACIÓN
Agencia catalogadora original CO-BoIAVH
Agencia transcriptora CO-BoIAVH
041 ## - IDIOMA
Código de idioma para texto/pista de sonido o título separado Inglés
044 ## - PAÍS DE PUBLICACIÓN
País de publicación Estados Unidos
090 ## - CLASIFICACIÓN LOCAL
Colección LB
Consecutivo 02001
100 ## - ASIENTO PRINCIPAL--NOMBRE PERSONAL
Nombre personal Ledec, George
245 ## - MENCION DE TITULO
Título Critical natural habitats in Latin America and the Caribbean
Parte restante del título southern cone (Argentina, Chile, Paraguay and Uruguay)
260 ## - PUBLICACION, DISTRIBUCION, ETC. (PIE DE IMPRENTA)
Lugar de publicación, distribución, etc. Washington
Nombre del editor, distribuidor, etc. World Bank
Fecha de publicación, distribución, etc. 1997?
300 ## - DESCRIPCION FISICA
Extensión 80 p.
650 ## - ASIENTO SECUNDARIO DE MATERIA - TERMINO TEMATICO
Término temático o nombre geográfico como elemento de entrada Hábitat
650 ## - ASIENTO SECUNDARIO DE MATERIA - TERMINO TEMATICO
Término temático o nombre geográfico como elemento de entrada Política
650 ## - ASIENTO SECUNDARIO DE MATERIA - TERMINO TEMATICO
Término temático o nombre geográfico como elemento de entrada Areas prioritarias de conservación
662 ## - ASIENTO SECUNDARIO DE MATERIA - JERARQUIA DEL NOMBRE DE LUGAR(
País o entidad mayor Argentina
Jurisdicción política intermedia América Latina
662 ## - ASIENTO SECUNDARIO DE MATERIA - JERARQUIA DEL NOMBRE DE LUGAR(
País o entidad mayor Chile
Jurisdicción política intermedia Islas del Caribe
662 ## - ASIENTO SECUNDARIO DE MATERIA - JERARQUIA DEL NOMBRE DE LUGAR(
País o entidad mayor Paraguay
662 ## - ASIENTO SECUNDARIO DE MATERIA - JERARQUIA DEL NOMBRE DE LUGAR(
País o entidad mayor Uruguay
700 ## - ASIENTO SECUNDARIO - NOMBRE PERSONAL
Nombre personal Beltrán, Javier
700 ## - ASIENTO SECUNDARIO - NOMBRE PERSONAL
Nombre personal Pellegrini, Mauro
700 ## - ASIENTO SECUNDARIO - NOMBRE PERSONAL
Nombre personal Andreoli, Giorgio
700 ## - ASIENTO SECUNDARIO - NOMBRE PERSONAL
Nombre personal Bunting, Gillinan
700 ## - ASIENTO SECUNDARIO - NOMBRE PERSONAL
Nombre personal Boitani, Luigi
700 ## - ASIENTO SECUNDARIO - NOMBRE PERSONAL
Nombre personal Green, Michael
942 ## - ELEMENTOS ADICIONALES (KOHA)
Tipo de ítem Informe Técnico
Sistema de clasificación Local
Existencias
Withdrawn status Lost status Sistema de Clasificación Damaged status No para préstamo Colección Inventariado Ubicación Permanente Ubicación actual Fecha de adquisición Total Checkouts Número topográfico Inventario / Código de Barras Date last seen Ejemplar Price effective from Forma de adquisición Tipo de material
    Local     General Inventariado 2017 Bogotá Bogotá 29/03/2001   LB-02001 002743 04/12/2012 Ej. 1 04/12/2012   Informe Técnico